Catálogo
 En Linea

1963 : (Registro nro. 54450)

Detalles MARC
000 -CABECERA
campo de control de longitud fija 02183nam a2200349 i 4500
003 - IDENTIFICADOR DEL NÚMERO DE CONTROL
campo de control DO-SdBNP
005 - FECHA Y HORA DE LA ÚLTIMA TRANSACCIÓN
campo de control 20260304100940.0
007 - CAMPO FIJO DE DESCRIPCIÓN FÍSICA--INFORMACIÓN GENERAL
campo de control de longitud fija ta
008 - DATOS DE LONGITUD FIJA--INFORMACIÓN GENERAL
campo de control de longitud fija 111031s2015 dr a 001 0 spa d
020 ## - NÚMERO INTERNACIONAL ESTÁNDAR DEL LIBRO
Número Internacional Estándar del Libro 9789945587074
040 ## - FUENTE DE LA CATALOGACIÓN
Centro catalogador/agencia de origen DO-SdBNP
Lengua de catalogación spa
Centro/agencia transcriptor BNPHU
Normas de descripción rda
041 ## - CÓDIGO DE LENGUA
Código de lengua del texto/banda sonora o título independiente spa
082 #4 - NÚMERO DE LA CLASIFICACIÓN DECIMAL DEWEY
Número de clasificación 972.93054
Número de documento/Ítem A185 2015
Número de edición 22
100 1# - ENTRADA PRINCIPAL--NOMBRE DE PERSONA
Nombre de persona Acosta Matos, Eliades,
Fechas asociadas al nombre 1959-
Término indicativo de función/relación autor
9 (RLIN) 74479
Código de función/relación aut.
245 10 - MENCIÓN DE TÍTULO
Título 1963 :
Resto del título de la guerra mediática al golpe de estado /
Mención de responsabilidad, etc. Eliades Acosta Matos.
246 12 - FORMA VARIANTE DE TÍTULO
Título propio/Titulo breve Mil novecientos sesenta y tres :
Resto del título de la guerra mediática a golpe de estado
264 #4 - PRODUCCIÓN, PUBLICACIÓN, DISTRIBUCIÓN, FABRICACIÓN Y COPYRIGHT
Producción, publicación, distribución, fabricación y copyright Santo Domingo, República Dominicana :
Nombre del de productor, editor, distribuidor, fabricante Fundación Juan Bosch,
Fecha de producción, publicación, distribución, fabricación o copyright ©2015.
300 ## - DESCRIPCIÓN FÍSICA
Extensión 655 páginas :
Otras características físicas facsímiles ;
Dimensiones 23 cm.
336 ## - TIPO DE CONTENIDO
Término de tipo de contenido texto
Código de tipo de contenido txt
Fuente rdacontent
337 ## - TIPO DE MEDIO
Nombre/término del tipo de medio sin mediación
Código del tipo de medio n
Fuente rdamedia
338 ## - TIPO DE SOPORTE
Nombre/término del tipo de soporte volumen
Código del tipo de soporte nc
Fuente rdacarrier
490 0# - MENCIÓN DE SERIE
Mención de serie Juan Bosch vive
Designación de volumen o secuencia 15
500 ## - NOTA GENERAL
Nota general Incluye referencias bibliográficas y notas al pie de las páginas
500 ## - NOTA GENERAL
Nota general Incluye índice onomástico
500 ## - NOTA GENERAL
Nota general Incluye datos biográficos del autor en la solapa de la cubierta
505 ## - NOTA DE CONTENIDO CON FORMATO
Nota de contenido con formato Capítulo I. Guerra fría y medios calientes 11 -- Capítulo II. ''[...] cuidado con alejarse demasiado'' 65 -- Capítulo III. Castigando con mano dura la insolencia 113 -- Capítulo IV. La utopía desde arriba 147 -- Capítulo V. Un diciembre decisivo y otros frentes ideológicos 211 -- Capítulo VI. El hombre de la calle y una agitada transición 257 -- Capítulo VII. Las alertas rojas 299 -- Capítulo VIII. ''¡Téngase miedo, Sr. Presidente!'' 339 -- Capítulo IX. La aplanadora y la cultivadora 383 -- Capítulo X. Medo a la coletilla fantasma 423 -- Capítulo XI. ''Una prensa libre, honesta y responsable...'' 465 -- Capítulo XII. Las revoluciones no son obra de Mickey Mouse 501 -- Capítulo XIII. ''[...] Los hombres de prensa libre dimos la batalla y la hemos ganado [...]'' 545 -- Anexos 595 -- Índice onomástico 645
590 ## - NOTA LOCAL (RLIN)
Nota local Inventariado, 2023/ YL
651 #4 - PUNTO DE ACCESO ADICIONAL DE MATERIA--NOMBRE GEOGRÁFICO
Nombre geográfico República Dominicana
Subdivisión general Historia
Subdivisión cronológica Golpe de Estado, 1963
9 (RLIN) 34712
651 #4 - PUNTO DE ACCESO ADICIONAL DE MATERIA--NOMBRE GEOGRÁFICO
Nombre geográfico República Dominicana
Subdivisión general Historia
Subdivisión cronológica 1963
9 (RLIN) 89117
910 ## - DATOS DE OPCIÓN DEL USUARIO (OCLC)
Datos de opción del usuario YLockward/Validado. Control de calidad MFF
942 ## - ELEMENTOS DE PUNTO DE ACCESO ADICIONAL (KOHA)
Fuente del sistema de clasificación o colocación Dewey Decimal Classification
Tipo de ítem Koha Libro
Existencias
Estado de retiro Estado de pérdida Fuente del sistema de clasificación o colocación Restricciones de uso No para préstamo Código de colección Localización permanente Ubicación/localización actual Ubicación en estantería Fecha de adquisición Fuente de adquisición Total de préstamos Signatura topográfica completa Código de barras Fecha visto por última vez Precio válido a partir de Tipo de ítem Koha
    Dewey Decimal Classification Excluido de préstamo   Patrimonio Dominicano Biblioteca Nacional Pedro Henríquez Ureña Biblioteca Nacional Pedro Henríquez Ureña Depósito 19.05.2022 Uri Rivas   BNPHU PD 972.93054 A185m 2015 2023-5400 17.08.2023 17.08.2023 Libro

Con tecnología Koha